000 00768nam a2200241 a 4500
001 63872
003 BD-RjUL
005 20211209081239.0
008 170204s1972 enk 001 0 eng d
020 _a0710072740
020 _a0710072759 (pbk.)
035 _a(BD-RjUL)64002
040 _aDLC
_cDLC
_beng
_dBD-RjUL
041 _aeng
082 _a941.8
_bNON 1972
245 1 0 _aNonconformity in the nineteenth century /
_cedited by David M. Thompson.
260 _aLondon :
_bRoutledge & Kegan Paul,
_c1972.
300 _axiv, 281 p. ;
_c22 cm.
490 0 _aBirth of modern Britain series
504 _aIncludes bibliography (p. 275-278) and index.
650 0 _aDissenters, Religious
_zGreat Britain
_xHistory
_y19th century
_xSources.
_9189646
942 _2ddc
_cBK
999 _c63872
_d63872